Ekonómia, entropia a životné prostredie
Termodynamické zákony v ekonómii - bioekonómia, ich význam pre formovanie teoretickej vedy i uplatňovanie princípov trvalo udržateľného rozvoja. Nicholas Georgescu-Roegen ako nekonvenčný ekonóm, ktorý zaujal uplatňovaním zákonov termodynamiky v ekonómii. Stručný životopis a inovačné začiatky Nichol...
Uložené v:
| Hlavný autor: | |
|---|---|
| Médium: | Kapitola |
| Jazyk: | Slovak |
| Predmet: | |
| Tagy: |
Žiadne tagy, Buďte prvý, kto otaguje tento záznam!
|
MARC
| LEADER | 00000naa$a2200000$$$4500 | ||
|---|---|---|---|
| 001 | 0023163 | ||
| 005 | 20231102102855.9 | ||
| 041 | 0 | |a slo | |
| 044 | |a SK | ||
| 245 | 1 | 0 | |a Ekonómia, entropia a životné prostredie |c Tatiana Kluvánková-Oravská |
| 520 | |a Termodynamické zákony v ekonómii - bioekonómia, ich význam pre formovanie teoretickej vedy i uplatňovanie princípov trvalo udržateľného rozvoja. Nicholas Georgescu-Roegen ako nekonvenčný ekonóm, ktorý zaujal uplatňovaním zákonov termodynamiky v ekonómii. Stručný životopis a inovačné začiatky Nicholasa Georgesca-Roegena. | ||
| 610 | 2 | 0 | |a teórie ekonomické |
| 610 | 2 | 0 | |a entropia |
| 610 | 2 | 0 | |a prostredie životné |
| 610 | 2 | 0 | |a rozvoj trvalo udržateľný |
| 610 | 2 | 0 | |a životopisy |
| 610 | 2 | 0 | |a veda ekonomická |
| 610 | 2 | 0 | |a vedy prírodné |
| 610 | 2 | 0 | |a bioenergetika |
| 610 | 2 | 0 | |a ekológia |
| 610 | 2 | 0 | |a Roegen, N.G. |
| 100 | 1 | |a Kluvánková-Oravská, Tatiana | |